| 000 | 00846nam a2200289Ia 4500 | ||
|---|---|---|---|
| 003 | OSt | ||
| 005 | 20220918222506.0 | ||
| 006 | a|||||r|||| 00| 0 | ||
| 007 | ta | ||
| 008 | 220917b |||||||| |||| 00| 0 eng d | ||
| 024 | _a217,096 | ||
| 037 | _cTextual | ||
| 040 |
_aARTS _cARTS _beng |
||
| 041 |
_2eng _aeng |
||
| 082 | _aQ4:23, N8 | ||
| 100 |
_aLessing F D Tr. _9143328 |
||
| 245 | 0 | _aIntroduction to the Buddhist tantric systems translated by F D Lessing and Alex Wayman | |
| 250 | _a2nd | ||
| 260 |
_aDelhi _bMotilal Banarsidass Publishers India _c1998 |
||
| 300 |
_a382p. _ccm. |
||
| 490 | _aBuddhist tradition series | ||
| 500 | _aRep. of 1978 | ||
| 650 | _aRELIGION | ||
| 700 |
_a Wayman Alex Tr. _9141850 |
||
| 942 |
_hQ4:23, N8 _cTEXL _2CC |
||
| 999 |
_c275713 _d275713 |
||